00297nam a22001217a 4500008004100000020001800041041000800059080002100067082001600088100000700104101001000111245005400121210312b ||||| |||| 00| 0 eng d a2900324590370 aeng 25tha330.101.541 a330.101.541 a52 aMAKRO aBrief Principles of Macroeconomics cMankiw, N. G